[Event "GBR-ch 107th"]
[Site "Hull"]
[Date "2021.10.03"]
[Round "2.10"]
[White "Head, Louise"]
[Black "Stubbs, Oliver"]
[Result "1-0"]
[WhiteElo "2090"]
[BlackElo "1925"]
[PlyCount "71"]
[EventDate "2021.10.02"]
[EventType "swiss"]
[EventRounds "9"]
[EventCountry "GBR"]
[SourceTitle "BritBase"]
[Source "John Saunders"]
[SourceDate "2021.06.05"]
[SourceVersion "1"]
[SourceVersionDate "2021.06.05"]
[SourceQuality "1"]

1. d4 Nf6 2. c4 g6 3. Nc3 Bg7 4. e4 d6 5. Be2 O-O 6. Be3 e5 7. d5 a5 8. g4 Na6
9. g5 Ne8 10. h4 f5 11. gxf6 Qxf6 12. Qd2 Bd7 13. O-O-O c6 14. h5 Nac7 15. hxg6
hxg6 16. Nf3 cxd5 17. Nxd5 Nxd5 18. Qxd5+ Be6 19. Qxb7 Rc8 20. Ng5 Rc7 21. Qb5
Qe7 22. Kb1 Rb7 23. Qa6 Bc8 24. Qc6 Nf6 25. Qxd6 Qxd6 26. Rxd6 Bd7 27. Rb6 Rfb8
28. Rxb7 Rxb7 29. Kc2 Bc6 30. f3 Nh5 31. Ne6 Ng3 32. Rh2 Nxe2 33. Rxe2 Rf7 34.
Nd8 Ba4+ 35. b3 Rd7 36. Bg5 1-0

[Event "GBR-ch 107th"]
[Site "Hull"]
[Date "2021.10.03"]
[Round "2.11"]
[White "Mehrafarin, Amirabbas"]
[Black "Starley, Robert"]
[Result "0-1"]
[WhiteElo "1734"]
[BlackElo "2057"]
[PlyCount "96"]
[EventDate "2021.10.02"]
[EventType "swiss"]
[EventRounds "9"]
[EventCountry "GBR"]
[SourceTitle "BritBase"]
[Source "John Saunders"]
[SourceDate "2021.06.05"]
[SourceVersion "1"]
[SourceVersionDate "2021.06.05"]
[SourceQuality "1"]

1. d4 Nf6 2. Bf4 d6 3. e3 Nc6 4. Nf3 Bg4 5. Bb5 a6 6. Bxc6+ bxc6 7. h3 Bh5 8.
c4 e6 9. Qa4 Bxf3 10. gxf3 Qd7 11. Nc3 g6 12. Rd1 Bg7 13. e4 O-O 14. Qa5 Nh5
15. Be3 f5 16. e5 f4 17. Bc1 Qe7 18. h4 dxe5 19. d5 exd5 20. cxd5 e4 21. Nxe4
cxd5 22. Qxd5+ Kh8 23. Kf1 Rad8 24. Qb3 h6 25. Kg2 Nf6 26. Nc3 Qe5 27. Rde1 Qh5
28. Qc4 c5 29. Qxa6 Nd7 30. Qe2 Ne5 31. Rd1 Rde8 32. Rd5 c4 33. Ne4 Ra8 34. a3
Qf5 35. Rhd1 g5 36. hxg5 hxg5 37. Nd6 Qf6 38. Nxc4 Ng6 39. Rd6 Nh4+ 40. Kh2 Qf7
41. Rh1 Rae8 42. Qd3 Qh5 43. Nd2 Nxf3+ 44. Kg2 Ne1+ 45. Rxe1 Rxe1 46. Qh3 Rg1+
47. Kxg1 Qxh3 48. Ne4 f3 0-1

[Event "GBR-ch 107th"]
[Site "Hull"]
[Date "2021.10.04"]
[Round "3.1"]
[White "Gormally, Daniel W"]
[Black "Hebden, Mark L"]
[Result "1/2-1/2"]
[WhiteElo "2480"]
[BlackElo "2455"]
[PlyCount "37"]
[EventDate "2021.10.02"]
[EventType "swiss"]
[EventRounds "9"]
[EventCountry "GBR"]
[SourceTitle "BritBase"]
[Source "John Saunders"]
[SourceDate "2021.06.05"]
[SourceVersion "1"]
[SourceVersionDate "2021.06.05"]
[SourceQuality "1"]

1. d4 Nf6 2. c4 g6 3. Nc3 Bg7 4. e4 d6 5. h3 O-O 6. Bg5 Na6 7. Bd3 e5 8. d5 Qe8
9. Nge2 Nd7 10. O-O Bf6 11. Be3 Qe7 12. Qd2 Nac5 13. Bc2 Nb6 14. b3 a5 15. Bh6
Bg7 16. Bg5 Bf6 17. Bh6 Bg7 18. Bg5 Bf6 19. Bh6 1/2-1/2

[Event "GBR-ch 107th"]
[Site "Hull"]
[Date "2021.10.04"]
[Round "3.2"]
[White "Arkell, Keith C"]
[Black "Harvey, Marcus R"]
[Result "0-1"]
[WhiteElo "2380"]
[BlackElo "2465"]
[PlyCount "74"]
[EventDate "2021.10.02"]
[EventType "swiss"]
[EventRounds "9"]
[EventCountry "GBR"]
[SourceTitle "BritBase"]
[Source "John Saunders"]
[SourceDate "2021.06.05"]
[SourceVersion "1"]
[SourceVersionDate "2021.06.05"]
[SourceQuality "1"]

1. d4 d5 2. c4 dxc4 3. e3 Nf6 4. Bxc4 e6 5. Nc3 c5 6. Nf3 a6 7. dxc5 Qxd1+ 8.
Kxd1 Bxc5 9. a3 b5 10. Ba2 Bb7 11. b4 Be7 12. Ke2 O-O 13. Bb2 Nbd7 14. Rhc1 Nb6
15. Nd4 Bxg2 16. f3 Bh3 17. Nc6 Rfe8 18. Rg1 Bf8 19. Nd1 Rac8 20. Rc1 Nfd7 21.
Nf2 Bf5 22. e4 Bg6 23. Rgd1 Nf6 24. Ne5 Bh5 25. Bd4 Nfd7 26. Nxd7 Nxd7 27. Nd3
Nf6 28. Bxf6 gxf6 29. Nc5 a5 30. Nd7 Be7 31. bxa5 Rxc1 32. Rxc1 Ra8 33. Bb1
Rxa5 34. Rc3 Kg7 35. Nc5 Kh6 36. h3 Bxc5 37. Rxc5 Rxa3 0-1

[Event "GBR-ch 107th"]
[Site "Hull"]
[Date "2021.10.04"]
[Round "3.3"]
[White "Bradbury, Neil H"]
[Black "McPhillips, Joseph"]
[Result "1-0"]
[WhiteElo "2265"]
[BlackElo "2425"]
[PlyCount "85"]
[EventDate "2021.10.02"]
[EventType "swiss"]
[EventRounds "9"]
[EventCountry "GBR"]
[SourceTitle "BritBase"]
[Source "John Saunders"]
[SourceDate "2021.06.05"]
[SourceVersion "1"]
[SourceVersionDate "2021.06.05"]
[SourceQuality "1"]

1. d4 Nf6 2. c4 e6 3. g3 d5 4. Bg2 Be7 5. Nf3 O-O 6. O-O c6 7. b3 b6 8. Qc2 Bb7
9. Nc3 Nbd7 10. Rd1 Rc8 11. e4 b5 12. e5 Ne8 13. c5 f6 14. b4 a5 15. a3 Ra8 16.
Rb1 axb4 17. axb4 g5 18. Qe2 f5 19. Qd2 g4 20. Ne1 Rf7 21. Nd3 Nf8 22. Qb2 Ng6
23. Ne2 Ng7 24. Bf4 Nh5 25. Ra1 Rb8 26. h4 gxh3 27. Bf3 Ng7 28. Qd2 h5 29. Kh2
Nf8 30. Bh6 Nh7 31. Nef4 Ng5 32. Bxg5 Bxg5 33. Qe2 h4 34. Rg1 Kh7 35. Bh5 Rc7
36. Nxh3 Bh6 37. f4 Bc8 38. g4 Nxh5 39. gxh5 Kh8 40. Rg6 Rh7 41. Qg2 Bd7 42.
Rg1 Ra8 43. Rxh6 1-0

[Event "GBR-ch 107th"]
[Site "Hull"]
[Date "2021.10.04"]
[Round "3.4"]
[White "Ledger, Andrew J"]
[Black "Finn, Peter"]
[Result "1-0"]
[WhiteElo "2329"]
[BlackElo "1959"]
[PlyCount "91"]
[EventDate "2021.10.02"]
[EventType "swiss"]
[EventRounds "9"]
[EventCountry "GBR"]
[SourceTitle "BritBase"]
[Source "John Saunders"]
[SourceDate "2021.06.05"]
[SourceVersion "1"]
[SourceVersionDate "2021.06.05"]
[SourceQuality "1"]

1. d4 Nf6 2. c4 e6 3. Nc3 Bb4 4. Qc2 O-O 5. a3 Bxc3+ 6. Qxc3 d5 7. Bg5 h6 8.
Bxf6 Qxf6 9. Nf3 dxc4 10. Qxc4 Nc6 11. Qc3 Rd8 12. e3 Bd7 13. Bd3 Rac8 14. O-O
g5 15. Be4 Qg7 16. Rac1 f5 17. Bxc6 Bxc6 18. Ne5 Bb5 19. Rfd1 Rd5 20. b4 b6 21.
Qb3 Be8 22. h3 Rcd8 23. Rd3 Qe7 24. Rdc3 Rc8 25. Nc6 Bxc6 26. Rxc6 Rd6 27. b5
Kf7 28. a4 Qd7 29. R1c3 a5 30. Qc2 Rxc6 31. Rxc6 Ke7 32. g4 Qd5 33. Rxc7+ Rxc7
34. Qxc7+ Kf6 35. Qh7 fxg4 36. Qxh6+ Kf5 37. Qh7+ Kf6 38. hxg4 Qf3 39. Qh6+ Kf7
40. Qxg5 Qd1+ 41. Kg2 Qxa4 42. Qf4+ Kg6 43. Qe4+ Kf6 44. Qe5+ Kf7 45. Qc7+ Kf6
46. Qxb6 1-0

[Event "GBR-ch 107th"]
[Site "Hull"]
[Date "2021.10.04"]
[Round "3.5"]
[White "Sucikova, Svetlana"]
[Black "Pert, Nicholas"]
[Result "0-1"]
[WhiteElo "2175"]
[BlackElo "2548"]
[PlyCount "64"]
[EventDate "2021.10.02"]
[EventType "swiss"]
[EventRounds "9"]
[EventCountry "GBR"]
[SourceTitle "BritBase"]
[Source "John Saunders"]
[SourceDate "2021.06.05"]
[SourceVersion "1"]
[SourceVersionDate "2021.06.05"]
[SourceQuality "1"]

1. d4 Nf6 2. Nf3 d5 3. g3 c5 4. Bg2 cxd4 5. O-O g6 6. Nxd4 Bg7 7. c3 O-O 8. Bg5
h6 9. Bxf6 Bxf6 10. Nb3 e6 11. N1d2 Nc6 12. e4 Bg7 13. Re1 a5 14. a4 Ra6 15.
exd5 exd5 16. Nf3 Rb6 17. Re2 Qf6 18. Rd2 Bg4 19. Nbd4 Nxd4 20. Rxd4 Bxf3 21.
Bxf3 Rxb2 22. Rxd5 Rc8 23. Rd3 Qb6 24. Re3 Rxf2 25. Kxf2 Rxc3 26. Rb1 Qxe3+ 27.
Kg2 Rd3 28. Qf1 Rd2+ 29. Kh3 Rf2 30. Rb3 Qe6+ 31. Bg4 Qxg4+ 32. Kxg4 Rxf1 0-1

[Event "GBR-ch 107th"]
[Site "Hull"]
[Date "2021.10.04"]
[Round "3.6"]
[White "Head, Louise"]
[Black "Eggleston, David J"]
[Result "0-1"]
[WhiteElo "2090"]
[BlackElo "2356"]
[PlyCount "60"]
[EventDate "2021.10.02"]
[EventType "swiss"]
[EventRounds "9"]
[EventCountry "GBR"]
[SourceTitle "BritBase"]
[Source "John Saunders"]
[SourceDate "2021.06.05"]
[SourceVersion "1"]
[SourceVersionDate "2021.06.05"]
[SourceQuality "1"]

1. d4 Nf6 2. c4 e6 3. Nf3 Bb4+ 4. Nbd2 O-O 5. a3 Be7 6. Qc2 d6 7. e4 Nbd7 8. e5
dxe5 9. dxe5 Ng4 10. Qe4 f5 11. exf6 Ndxf6 12. Qd4 Qxd4 13. Nxd4 e5 14. N4b3 a5
15. a4 e4 16. Nd4 Rd8 17. h3 Rxd4 18. hxg4 Bxg4 19. f3 Bb4 20. Ke2 exf3+ 21.
gxf3 Re8+ 22. Kf2 Bxd2 23. fxg4 Nxg4+ 24. Kg1 Re1 25. Bxd2 Rxa1 26. Rh4 Rxd2
27. Rxg4 Rxb2 28. c5 Rbb1 29. Rf4 g5 30. Rf5 Rxf1+ 0-1

[Event "GBR-ch 107th"]
[Site "Hull"]
[Date "2021.10.04"]
[Round "3.7"]
[White "Starley, Robert"]
[Black "Olson, Hamish"]
[Result "0-1"]
[WhiteElo "2057"]
[BlackElo "2273"]
[PlyCount "118"]
[EventDate "2021.10.02"]
[EventType "swiss"]
[EventRounds "9"]
[EventCountry "GBR"]
[SourceTitle "BritBase"]
[Source "John Saunders"]
[SourceDate "2021.06.05"]
[SourceVersion "1"]
[SourceVersionDate "2021.06.05"]
[SourceQuality "1"]

1. e4 e5 2. Nf3 Nc6 3. Bb5 Nf6 4. O-O Nxe4 5. d4 Nd6 6. dxe5 Nxb5 7. a4 Nbd4 8.
Nxd4 Nxd4 9. Qxd4 d5 10. exd6 Qxd6 11. Qe4+ Qe6 12. Qd4 Qb6 13. Qe5+ Be6 14.
Be3 Qd6 15. Qb5+ Qc6 16. Qxc6+ bxc6 17. Bd4 c5 18. Be5 Kd7 19. Nd2 Kc6 20. Rfe1
Bd5 21. Rad1 f6 22. Bc3 Bd6 23. f3 Rhe8 24. Kf2 Bf7 25. Ne4 Bf8 26. Rd2 Bg6 27.
h4 Re6 28. Ng3 Rxe1 29. Kxe1 Re8+ 30. Kf2 h5 31. Ne2 Bd6 32. g3 Bf7 33. Nc1 Rb8
34. Re2 Kd7 35. Nd3 a6 36. Nf4 Rg8 37. Ng2 Rh8 38. Ne3 Be6 39. f4 Kd8 40. Rd2
Ke7 41. Nd5+ Kf7 42. Ne3 Kg6 43. Nd5 Re8 44. Re2 Kf7 45. Ne3 Rg8 46. Kg2 Bd7
47. b3 Bc6+ 48. Kh3 Re8 49. Re1 Be4 50. Kh2 Re6 51. Kg1 g5 52. hxg5 fxg5 53. f5
Re8 54. Kf2 h4 55. gxh4 gxh4 56. Rg1 Rg8 57. Ng4 Bg3+ 58. Rxg3 hxg3+ 59. Kxg3
Bxf5 0-1

[Event "GBR-ch 107th"]
[Site "Hull"]
[Date "2021.10.04"]
[Round "3.8"]
[White "Webb, Laurence E"]
[Black "Gordon, Frederick"]
[Result "0-1"]
[WhiteElo "2184"]
[BlackElo "1523"]
[PlyCount "90"]
[EventDate "2021.10.02"]
[EventType "swiss"]
[EventRounds "9"]
[EventCountry "GBR"]
[SourceTitle "BritBase"]
[Source "John Saunders"]
[SourceDate "2021.06.05"]
[SourceVersion "1"]
[SourceVersionDate "2021.06.05"]
[SourceQuality "1"]

1. d4 d5 2. c4 e6 3. Nc3 Nf6 4. cxd5 exd5 5. Bg5 c6 6. e3 Be7 7. Bd3 Nbd7 8.
Nf3 h6 9. Bh4 Nh5 10. Bxe7 Qxe7 11. O-O O-O 12. Rb1 a5 13. a3 Nhf6 14. Qc2 Re8
15. b4 axb4 16. axb4 b5 17. Ne2 Bb7 18. Ng3 Ra4 19. Qc3 Rea8 20. h3 Ra3 21. Rb3
Rxb3 22. Qxb3 Ra4 23. Rb1 Nb6 24. Qc3 Nc4 25. Bc2 Ra3 26. Qe1 Bc8 27. Ra1 Rxa1
28. Qxa1 Bd7 29. Qc3 g6 30. Ne5 Kg7 31. e4 h5 32. Nxc4 dxc4 33. f3 Kg8 34. Nf1
h4 35. Ne3 Nh5 36. d5 c5 37. bxc5 Qxc5 38. Kf2 Nf4 39. Bd1 Qd6 40. Qd4 Nd3+ 41.
Kg1 Qg3 42. Nf1 Qg5 43. Kh1 Qc1 44. Be2 Nf4 45. Qd1 Qb2 0-1

[Event "GBR-ch 107th"]
[Site "Hull"]
[Date "2021.10.04"]
[Round "3.9"]
[White "Brooks, Phil J"]
[Black "Latypova, Olga L"]
[Result "1/2-1/2"]
[WhiteElo "2191"]
[BlackElo "1266"]
[PlyCount "46"]
[EventDate "2021.10.02"]
[EventType "swiss"]
[EventRounds "9"]
[EventCountry "GBR"]
[SourceTitle "BritBase"]
[Source "John Saunders"]
[SourceDate "2021.06.05"]
[SourceVersion "1"]
[SourceVersionDate "2021.06.05"]
[SourceQuality "1"]

1. d4 Nf6 2. Nf3 g6 3. Nbd2 d5 4. e3 Bg7 5. b4 O-O 6. c4 c6 7. Be2 dxc4 8. Nxc4
Nd5 9. Bd2 Nd7 10. Rc1 N7f6 11. O-O Be6 12. a3 Nb6 13. Na5 Rb8 14. Nb3 Ne4 15.
Nc5 Nxd2 16. Qxd2 Bg4 17. Rfd1 Nd7 18. Qc2 Nxc5 19. Qxc5 a6 20. a4 Qd6 21. h3
Be6 22. Bc4 Bxc4 23. Qxc4 Rfd8 1/2-1/2

[Event "GBR-ch 107th"]
[Site "Hull"]
[Date "2021.10.04"]
[Round "3.10"]
[White "Khoury, Theo"]
[Black "Willison, Steven"]
[Result "0-1"]
[WhiteElo "1814"]
[BlackElo "1936"]
[PlyCount "60"]
[EventDate "2021.10.02"]
[EventType "swiss"]
[EventRounds "9"]
[EventCountry "GBR"]
[SourceTitle "BritBase"]
[Source "John Saunders"]
[SourceDate "2021.06.05"]
[SourceVersion "1"]
[SourceVersionDate "2021.06.05"]
[SourceQuality "1"]

1. e4 c5 2. Nf3 d6 3. d4 cxd4 4. Nxd4 Nf6 5. Nc3 g6 6. Be3 Bg7 7. f3 Nc6 8. Qd2
O-O 9. O-O-O d5 10. exd5 Nxd5 11. Nxc6 bxc6 12. Bd4 e5 13. Bc5 Be6 14. Ne4 Qc7
15. Bxf8 Rxf8 16. Nc5 Qb6 17. Nxe6 Rb8 18. c4 Bh6 19. f4 fxe6 20. g3 Nxf4 21.
c5 Qxc5+ 22. Kb1 Nd5 23. Qxh6 Nc3+ 24. Kc2 Nxa2+ 25. Kd3 Qd4+ 26. Ke2 Rxb2+ 27.
Rd2 Nc3+ 28. Kf3 Rxd2 29. Qe3 Rf2+ 30. Kxf2 Nd1+ 0-1

[Event "GBR-ch 107th"]
[Site "Hull"]
[Date "2021.10.04"]
[Round "3.11"]
[White "Stubbs, Oliver"]
[Black "Mehrafarin, Amirabbas"]
[Result "1-0"]
[WhiteElo "1925"]
[BlackElo "1734"]
[PlyCount "123"]
[EventDate "2021.10.02"]
[EventType "swiss"]
[EventRounds "9"]
[EventCountry "GBR"]
[SourceTitle "BritBase"]
[Source "John Saunders"]
[SourceDate "2021.06.05"]
[SourceVersion "1"]
[SourceVersionDate "2021.06.05"]
[SourceQuality "1"]

1. d4 Nf6 2. Nf3 e6 3. Bf4 d5 4. e3 Bd6 5. Bg3 b6 6. Nbd2 O-O 7. Bd3 Ba6 8.
Bxa6 Nxa6 9. c3 c5 10. Qe2 Nc7 11. Bh4 Be7 12. dxc5 bxc5 13. c4 Ne4 14. Nxe4
dxe4 15. Bxe7 Qxe7 16. Nd2 f5 17. Nb3 Na6 18. O-O Nb4 19. f3 exf3 20. Rxf3 Nc6
21. e4 Rad8 22. exf5 e5 23. Re1 Rfe8 24. Qe4 Nd4 25. Rd3 Qf6 26. h3 Qa6 27. Rg3
Nxb3 28. axb3 Rd4 29. Qe3 Qf6 30. Rf3 e4 31. Rf4 Qe5 32. Ref1 Rd3 33. Qe2 Rxb3
34. f6 gxf6 35. Rxf6 Qg5 36. R6f4 Rg3 37. Kh2 h5 38. Qf2 Rf3 39. Rxf3 exf3 40.
Qxf3 Qe5+ 41. Kh1 Re7 42. Qf8+ Kh7 43. Rf5 Qe2 44. Rxh5+ Qxh5 45. Qxe7+ Kh8 46.
Qd8+ Kh7 47. Qc7+ Kh8 48. Qb8+ Kg7 49. Qxa7+ Kf6 50. Qb6+ Ke7 51. Qb7+ Ke8 52.
Qd5 Qh6 53. Qxc5 Qc1+ 54. Qg1 Qxb2 55. Qe3+ Kd7 56. c5 Kc6 57. Kh2 Qa1 58. Qe7
Qc1 59. Qd6+ Kb7 60. c6+ Ka7 61. c7 Qb1 62. c8=R 1-0

[Event "GBR-ch 107th"]
[Site "Hull"]
[Date "2021.10.05"]
[Round "4.1"]
[White "Harvey, Marcus R"]
[Black "Gormally, Daniel W"]
[Result "1/2-1/2"]
[WhiteElo "2465"]
[BlackElo "2480"]
[PlyCount "94"]
[EventDate "2021.10.02"]
[EventType "swiss"]
[EventRounds "9"]
[EventCountry "GBR"]
[SourceTitle "BritBase"]
[Source "John Saunders"]
[SourceDate "2021.06.05"]
[SourceVersion "1"]
[SourceVersionDate "2021.06.05"]
[SourceQuality "1"]

1. c4 Nf6 2. Nf3 g6 3. b3 Bg7 4. Bb2 O-O 5. g3 c6 6. Bg2 d5 7. O-O Bg4 8. d3
Bxf3 9. Bxf3 Re8 10. Bg2 e5 11. b4 Na6 12. Qb3 Qd7 13. cxd5 cxd5 14. Nc3 Rad8
15. Rfd1 Nc7 16. Rac1 Ne6 17. Qa4 Bh6 18. Rb1 d4 19. Qxd7 Rxd7 20. Nb5 Nd5 21.
Bc1 Bf8 22. Bd2 a6 23. Bxd5 Rxd5 24. Na3 b5 25. Rdc1 Ra8 26. Nc2 Rdd8 27. Na1
Rdc8 28. Nb3 f6 29. a3 Kf7 30. Kf1 Ke8 31. e3 Kd7 32. Ke2 Rxc1 33. Rxc1 Rc8 34.
Rxc8 Kxc8 35. exd4 Nxd4+ 36. Nxd4 exd4 37. Kf3 f5 38. g4 Kd7 39. gxf5 gxf5 40.
Kg3 Be7 41. Bh6 Ke6 42. Bg7 Bf6 43. Bh6 Be5+ 44. f4 Bf6 45. Bg5 Kf7 46. Kh4 h6
47. Bxf6 Kxf6 1/2-1/2

[Event "GBR-ch 107th"]
[Site "Hull"]
[Date "2021.10.05"]
[Round "4.2"]
[White "Hebden, Mark L"]
[Black "Bradbury, Neil H"]
[Result "1-0"]
[WhiteElo "2455"]
[BlackElo "2265"]
[PlyCount "63"]
[EventDate "2021.10.02"]
[EventType "swiss"]
[EventRounds "9"]
[EventCountry "GBR"]
[SourceTitle "BritBase"]
[Source "John Saunders"]
[SourceDate "2021.06.05"]
[SourceVersion "1"]
[SourceVersionDate "2021.06.05"]
[SourceQuality "1"]

1. d4 Nf6 2. Nf3 e6 3. e3 b6 4. Bd3 Bb7 5. O-O c5 6. c4 Be7 7. Nc3 d5 8. cxd5
exd5 9. dxc5 bxc5 10. Bb5+ Kf8 11. b3 a6 12. Be2 Nbd7 13. Bb2 Qb6 14. Qc2 h5
15. Rfd1 h4 16. Ng5 Rh6 17. Qf5 g6 18. Qf4 Bd6 19. Ne6+ fxe6 20. Qxh6+ Kf7 21.
Na4 Qc7 22. Qxh4 Rg8 23. Rac1 g5 24. Qh3 g4 25. Qh4 c4 26. bxc4 Qb8 27. c5 Rh8
28. Qxh8 Qxh8 29. cxd6 d4 30. Rxd4 Bxg2 31. Kxg2 Qh3+ 32. Kg1 1-0

[Event "GBR-ch 107th"]
[Site "Hull"]
[Date "2021.10.05"]
[Round "4.3"]
[White "Eggleston, David J"]
[Black "Ledger, Andrew J"]
[Result "1/2-1/2"]
[WhiteElo "2356"]
[BlackElo "2329"]
[PlyCount "54"]
[EventDate "2021.10.02"]
[EventType "swiss"]
[EventRounds "9"]
[EventCountry "GBR"]
[SourceTitle "BritBase"]
[Source "John Saunders"]
[SourceDate "2021.06.05"]
[SourceVersion "1"]
[SourceVersionDate "2021.06.05"]
[SourceQuality "1"]

1. e4 e5 2. Nf3 Nf6 3. Nxe5 d6 4. Nf3 Nxe4 5. d4 d5 6. Bd3 Bd6 7. O-O O-O 8. c4
c6 9. cxd5 cxd5 10. Nc3 Nxc3 11. bxc3 Bg4 12. Rb1 b6 13. Rb5 Bc7 14. h3 a6 15.
hxg4 axb5 16. Ng5 h6 17. Nh7 Qh4 18. f4 Re8 19. Qf3 Rxa2 20. Qxd5 Ra1 21. Qf5
Rxc1 22. Rxc1 Re1+ 23. Rxe1 Qxe1+ 24. Kh2 Qh4+ 25. Kg1 Qe1+ 26. Kh2 Qh4+ 27.
Kg1 Qe1+ 1/2-1/2

[Event "GBR-ch 107th"]
[Site "Hull"]
[Date "2021.10.05"]
[Round "4.4"]
[White "Pert, Nicholas"]
[Black "Gordon, Frederick"]
[Result "1-0"]
[WhiteElo "2548"]
[BlackElo "1523"]
[PlyCount "91"]
[EventDate "2021.10.02"]
[EventType "swiss"]
[EventRounds "9"]
[EventCountry "GBR"]
[SourceTitle "BritBase"]
[Source "John Saunders"]
[SourceDate "2021.06.05"]
[SourceVersion "1"]
[SourceVersionDate "2021.06.05"]
[SourceQuality "1"]

1. d4 d5 2. c4 e6 3. Nf3 Nf6 4. Nc3 Be7 5. Bf4 O-O 6. a3 b6 7. Qc2 dxc4 8. e4
Ba6 9. Rd1 Qc8 10. h4 c5 11. e5 Nd5 12. Bg5 f6 13. exf6 Nxf6 14. Be2 Nbd7 15.
d5 exd5 16. Nxd5 Nxd5 17. Rxd5 Qc6 18. Rd1 Rae8 19. Bxc4+ Bxc4 20. Qxc4+ Kh8
21. O-O Bxg5 22. hxg5 Ne5 23. Nxe5 Rxe5 24. Qg4 Qg6 25. f4 Ref5 26. Qh3 Qf7 27.
Rf3 g6 28. Rdf1 Qg7 29. R3f2 Qd4 30. Qc3 Qxc3 31. bxc3 Rd5 32. Re1 Rf7 33. Rf3
Rd2 34. a4 Kg7 35. Kh2 Ra2 36. Re4 Rd7 37. Rfe3 Kf7 38. Rh3 Kg7 39. Rhe3 Kf7
40. Kh3 Rad2 41. g3 Rc7 42. Re8 Ra2 43. Rh8 Kg7 44. Ree8 Rxa4 45. Ref8 h5 46.
gxh6# 1-0

[Event "GBR-ch 107th"]
[Site "Hull"]
[Date "2021.10.05"]
[Round "4.5"]
[White "Olson, Hamish"]
[Black "Arkell, Keith C"]
[Result "1/2-1/2"]
[WhiteElo "2273"]
[BlackElo "2380"]
[PlyCount "85"]
[EventDate "2021.10.02"]
[EventType "swiss"]
[EventRounds "9"]
[EventCountry "GBR"]
[SourceTitle "BritBase"]
[Source "John Saunders"]
[SourceDate "2021.06.05"]
[SourceVersion "1"]
[SourceVersionDate "2021.06.05"]
[SourceQuality "1"]

1. d4 Nf6 2. Nf3 e6 3. g3 b5 4. Bg2 Bb7 5. O-O c5 6. Na3 a6 7. c4 cxd4 8. cxb5
Bxa3 9. bxa3 axb5 10. Rb1 d3 11. exd3 Bc6 12. Bb2 O-O 13. Qd2 Na6 14. Rfc1 Qe7
15. Qe3 Nd5 16. Qd4 f6 17. Nd2 Nac7 18. f4 Qf7 19. Qf2 Ne7 20. Ne4 Qg6 21. Qc5
Nf5 22. Nd6 Bxg2 23. Nxf5 exf5 24. Kxg2 Ne6 25. Qd5 Kh8 26. Rf1 Rac8 27. Rbc1
h5 28. Qxd7 Rxc1 29. Bxc1 Re8 30. Be3 Nf8 31. Qd4 h4 32. Re1 Qf7 33. Re2 Qb7+
34. Kf2 Qh1 35. gxh4 Ng6 36. Qd7 Qxh2+ 37. Ke1 Qh1+ 38. Kd2 Re7 39. Qc8+ Kh7
40. Qxf5 Rc7 41. Qh5+ Kg8 42. Bc5 Ne5 43. Qe8+ 1/2-1/2

[Event "GBR-ch 107th"]
[Site "Hull"]
[Date "2021.10.05"]
[Round "4.6"]
[White "McPhillips, Joseph"]
[Black "Finn, Peter"]
[Result "1-0"]
[WhiteElo "2425"]
[BlackElo "1959"]
[PlyCount "131"]
[EventDate "2021.10.02"]
[EventType "swiss"]
[EventRounds "9"]
[EventCountry "GBR"]
[SourceTitle "BritBase"]
[Source "John Saunders"]
[SourceDate "2021.06.05"]
[SourceVersion "1"]
[SourceVersionDate "2021.06.05"]
[SourceQuality "1"]

1. d4 Nf6 2. c4 e6 3. Nf3 d5 4. g3 Be7 5. Bg2 O-O 6. O-O dxc4 7. Qc2 a6 8. Qxc4
b5 9. Qc2 Bb7 10. Bd2 Be4 11. Qc1 c6 12. Nc3 Bxf3 13. Bxf3 Qxd4 14. Be3 Qd8 15.
a4 b4 16. Ne4 Nd5 17. Bc5 Nd7 18. Bxe7 Qxe7 19. a5 Rfc8 20. Nd2 Ne5 21. Bg2 c5
22. Nc4 Nxc4 23. Qxc4 Rab8 24. Rfd1 Nc7 25. e3 Nb5 26. Bf1 Qc7 27. Rdc1 Ra8 28.
Rc2 Ra7 29. h4 Nd6 30. Qf4 Nb5 31. Qg4 g6 32. h5 Qe5 33. h6 Qf5 34. Qd1 Qh5 35.
Bxb5 axb5 36. Qd4 f6 37. Qd3 Qxh6 38. Qxb5 Qf8 39. Rd1 Rb8 40. Qxc5 Qxc5 41.
Rxc5 Kf7 42. Rd6 Ke7 43. Rcc6 Rxa5 44. Rxe6+ Kd7 45. Rcd6+ Kc7 46. Rc6+ Kd7 47.
Rxf6 Ra2 48. Ra6 Rxa6 49. Rxa6 Kc7 50. b3 Rd8 51. Ra4 Rb8 52. Ra7+ Kc6 53. Rxh7
Rd8 54. Rh4 Kc5 55. Rc4+ Kb5 56. Rg4 Rd3 57. Rg5+ Kc6 58. Rxg6+ Kc5 59. Rg5+
Kc6 60. Rg8 Rxb3 61. Kg2 Ra3 62. Rb8 Kc5 63. g4 Kc4 64. g5 b3 65. f4 Kd3 66. g6
1-0

[Event "GBR-ch 107th"]
[Site "Hull"]
[Date "2021.10.05"]
[Round "4.7"]
[White "Stubbs, Oliver"]
[Black "Webb, Laurence E"]
[Result "0-1"]
[WhiteElo "1925"]
[BlackElo "2184"]
[PlyCount "102"]
[EventDate "2021.10.02"]
[EventType "swiss"]
[EventRounds "9"]
[EventCountry "GBR"]
[SourceTitle "BritBase"]
[Source "John Saunders"]
[SourceDate "2021.06.05"]
[SourceVersion "1"]
[SourceVersionDate "2021.06.05"]
[SourceQuality "1"]

1. d4 Nf6 2. Nf3 c5 3. d5 g6 4. Nc3 Bg7 5. e4 O-O 6. e5 Ng4 7. Qe2 d6 8. Bf4
Nd7 9. e6 Nde5 10. Nxe5 Nxe5 11. exf7+ Rxf7 12. Bg3 Qa5 13. Qd2 Qb4 14. Rb1 Nc4
15. Bxc4 Qxc4 16. Qd3 Qxd3 17. cxd3 b6 18. O-O Bb7 19. Rfe1 Bxc3 20. bxc3 Bxd5
21. a3 e5 22. d4 exd4 23. cxd4 Rd7 24. dxc5 dxc5 25. h4 Kf7 26. h5 Bc6 27. Re3
Re8 28. Rbe1 Rxe3 29. Rxe3 gxh5 30. Re5 Rd3 31. Rxh5 Be4 32. Rh4 Bg6 33. Ra4 a5
34. Bc7 Rb3 35. g4 Ke6 36. Rf4 Kd7 37. Be5 Rxa3 38. Rf6 b5 39. Rd6+ Ke7 40. Rb6
b4 41. Bd6+ Kd7 42. Bxc5 Rc3 43. Bf8 Rc4 44. Rb5 Rxg4+ 45. Kh2 Rh4+ 46. Kg3 Rh5
47. Rb8 Kc7 48. Ra8 Rg5+ 49. Kf4 Rf5+ 50. Ke3 Rxf8 51. Rxf8 b3 0-1

[Event "GBR-ch 107th"]
[Site "Hull"]
[Date "2021.10.05"]
[Round "4.8"]
[White "Willison, Steven"]
[Black "Sucikova, Svetlana"]
[Result "0-1"]
[WhiteElo "1936"]
[BlackElo "2175"]
[PlyCount "68"]
[EventDate "2021.10.02"]
[EventType "swiss"]
[EventRounds "9"]
[EventCountry "GBR"]
[SourceTitle "BritBase"]
[Source "John Saunders"]
[SourceDate "2021.06.05"]
[SourceVersion "1"]
[SourceVersionDate "2021.06.05"]
[SourceQuality "1"]

1. e4 c6 2. d4 d5 3. Nd2 dxe4 4. Nxe4 Nf6 5. Nxf6+ exf6 6. c3 Bd6 7. Bd3 O-O 8.
Ne2 Bg4 9. Be3 Bh5 10. Qb3 Qc7 11. O-O-O Bg6 12. Ng3 Re8 13. Kb1 Nd7 14. Nf5
Bf4 15. g3 Bxf5 16. Bxf4 Bxd3+ 17. Rxd3 Qc8 18. c4 Nb6 19. Be3 Qf5 20. Ka1 h6
21. Rhd1 Qe4 22. a4 Qe7 23. d5 cxd5 24. cxd5 Qd7 25. Rd4 Rad8 26. Rb4 Qf5 27.
g4 Qe5 28. a5 Nc8 29. Bf4 Qe2 30. d6 Rd7 31. Rc4 Red8 32. Qc2 Qxc2 33. Rxc2 Ne7
34. Rdc1 Nc6 0-1